Beethoven: el problema de la interpretación
Salvato in:
| Autori principali: | , |
|---|---|
| Natura: | Libro |
| Lingua: | spagnolo |
| Pubblicazione: |
Barcelona
Labor
1992
|
| Serie: | Colección enfoques
|
| Soggetti: | |
| Tags: |
Aggiungi Tag
Nessun Tag, puoi essere il primo ad aggiungerne!!
|
MARC
| LEADER | 00000nam a2200000 a 4500 | ||
|---|---|---|---|
| 001 | UCY2051 | ||
| 003 | CL-VaPUC | ||
| 005 | 20240628151637.0 | ||
| 008 | 941006e19920000SP |||||||||||||||||spa|d | ||
| 999 | |c 230563 |d 230561 | ||
| 040 | |c Pontificia Universidad Católica de Valparaíso | ||
| 082 | 0 | 4 | |a 781.46 MET 1992 |2 21 |
| 100 | |a Metzger, Heinz Klaus |e autor |9 330110 | ||
| 245 | 1 | 0 | |a Beethoven: el problema de la interpretación |
| 260 | |a Barcelona |b Labor |c 1992 | ||
| 300 | |a 134 p | ||
| 490 | 0 | |a Colección enfoques | |
| 583 | |a last modification |c 19941006 00:00:00 |k Rodrigo Vera | ||
| 600 | 0 | |a Beethoven, Ludwig van |d 1770-1827 |e compositor |9 306286 | |
| 650 | 0 | |a Interpretación musical |2 CL-VaPUC |9 458698 | |
| 700 | 0 | |a Riehn, Rainer |e author |9 330108 | |
| 942 | |c BK |2 ddc | ||
| 945 | |d 19941006 00:00:00 |a mfernand | ||
| 952 | |0 0 |1 0 |2 ddc |4 0 |6 781_460000000000000_MET_1992 |7 0 |8 A |9 232934 |a BIBEDU |b BIBEDU |d 2019-11-15 |i 3021971 |o 781.46 MET 1992 |p 3021971 |r 2023-01-12 |w 2019-11-15 |y BK |k MUS | ||